| 000 | 00000nam 2200000za 4500 |
| 001 | 9.581675 |
| 003 | CaOODSP |
| 005 | 20210624191634 |
| 007 | cr ||||||||||| |
| 008 | 150406s2000 quc|||||o f|0| 0 eng d |
| 020 | |a0-660-61286-0 |
| 040 | |aCaOODSP|beng |
| 041 | |aeng |
| 041 | |afre |
| 043 | |an-cn--- |
| 086 | 1 |aS52-2/244-2000-IN |
| 110 | 1 |aCanada. |bPublic Works and Government Services Canada. |bTranslation Bureau. |
| 245 | 10|aNew information technology glossary |h[electronic resource] / |c[by] François Mouzard; issued by Terminology and Standardization Directorate. |
| 250 | |a3rd ed. |
| 260 | |aGatineau : |bPublic Works and Government Services Canada, |cc2000. |
| 300 | |a544 p. |
| 490 | 1 |aTerminology bulletin ; |vNo. 244 |
| 500 | |aPreviously published under title: Informatics glossary. |
| 504 | |aBibliography. |
| 590 | |a07-48|b2007-11-30 |
| 690 | 07|aInformation technology|2gcpds |
| 700 | 1 |aMouzard, François. |
| 792 | |tLexique des nouvelles technologies de l'information |efre|w(CaOODSP)9.581676 |
| 830 | #0|aTerminology bulletin ;|vNo. 244|w(CaOODSP)9.500139 |
| 856 | 40|ahttp://publications.gc.ca|qPDF|s1.59 MB|uhttps://publications.gc.ca/collections/collection_2007/pwgsc-tpsgc/S52-2-244-2000.pdf |